000 00546nam a2200193 a 4500
001 12194
003 CO-ViMGA
008 141112s2004 ck r 000 u spa d
040 _aCO-ViMGA
_bspa
_cCO-ViMGA
082 0 4 _aR658.803 B17d
100 1 _aBarroso Gonzalez, Maria Jose
_917288
245 1 0 _aDiccionario del Marketing
260 _aMadrid,
_cEd. Paraninfo S.A.,
_c1993
300 _a273 p. diagrs.
590 _aPrecio : 108.000
650 1 4 _aMARKETING - DICCIONARIOS
_917289
650 1 4 _aMERCADEO - DICCIONARIO
_917290
942 _2ddc
_cBK
999 _c23208
_d23208